यत्र तत्र सर्वत्र: (Record no. 204087)

MARC details
000 -LEADER
fixed length control field 00948nam a22001937a 4500
005 - DATE AND TIME OF LATEST TRANSACTION
control field 20240719104025.0
010 ## - LCCN (DPL NO)
LC control number HIN- 127967
020 ## - INTERNATIONAL STANDARD BOOK NUMBER
Terms of availability 350.00
International Standard Book Number 9789394755017
035 ## - SYSTEM CONTROL NUMBER
System control number HN-100313
037 ## - SOURCE OF ACQUISITION
Source of stock number/acquisition DBAD
082 ## - DEWEY DECIMAL CLASSIFICATION NUMBER
Classification number
100 ## - MAIN ENTRY--PERSONAL NAME
Personal name जायसवाल, संजीव (संजय)
245 ## - TITLE STATEMENT
Title यत्र तत्र सर्वत्र:
Remainder of title भ्रष्टाचार को अनावृत करती कहानियाँ/
Statement of responsibility, etc द्वारा संजीव जायसवाल (संजय)
250 ## - EDITION STATEMENT
Edition statement 1
260 ## - PUBLICATION, DISTRIBUTION, ETC. (IMPRINT)
Place of publication, distribution, etc नई दिल्ली
Name of publisher, distributor, etc ज्ञान विज्ञान एक्जुकेअर
Date of publication, distribution, etc 2022
270 ## - ADDRESS
City नई दिल्ली
Address 3639, प्रथम तल, नेताजी सुभाष मार्ग, दरियागंज नई दिल्ली
Postal code 110002
300 ## - PHYSICAL DESCRIPTION
Extent 152 p.
Dimensions 22cm (सजिल्द)
942 ## - ADDED ENTRY ELEMENTS (KOHA)
Source of classification or shelving scheme Dewey Decimal Classification
Item type Hindi Books
Classification part
Call number suffix जायस
Holdings
Withdrawn status Lost status Not for loan Collection code Home library Current library Date acquired Source of acquisition Cost, normal purchase price Full call number Barcode Cost, replacement price Koha item type
      Non-fiction Central Jail Tihar Central Jail Tihar 10/07/2024 DBAD 350.00 क जायस HN-100313 350.00 English Books

© Delhi Public Library
Hit Counter
free hit counter